000 01469cam a2200313 a 4500
001 79156
003 BD-RjUL
005 20220111165541.0
008 220107s1902 ne 000 0 per d
035 _a(BD-RjUL)79156
040 _aNNL
_cDRP
_dOCL
_dOCLCQ
_dOSU
_dKRTAS
_bfre
041 _aper
082 _a956.1014
_bIBA 1902
_223
100 1 _aIbn Bībī, Nāṣir al-Dīn Ḥusayn ibn Muḥammad,
_d-1284 or 1285
_6880-01
_9660
245 1 0 _aHistoire des Seldjoucides d'Asie Mineure d'après l'arbégé du Seldjouknāmeh d'Ibn-Bībī :
_btexte persan, publié d'après le ms. de Paris /
_cpar M. Th. Houtsma.
246 1 _iللكتاب عنوان ثان بالفارسية:
_aمختصر سلجوقنامه /
_gواصله تاليف يحيى بن محمد، المعروف بابن البيبى
260 _aLeide :
_bE.J. Brill,
_c1902.
300 _a[xviii, 358 pages] ;
_c24 cm.
490 1 _aRecueil de textes relatifs à l'histoire des Seldjoucides ;
_v4
490 1 _aتواريخ آل سلجوق ؛
_v4
650 4 _aSeljuks
_xHistory
_9661
651 4 _aTurkey
_xHistory
_9662
700 1 _aHoutsma, M. Th.
_q(Martijn Theodoor),
_d1851-1943
_9663
773 1 8 _tRecueil de textes relatifs à l'histoire des Seljoucides /
_gno:4
_4ANA
830 0 _aتواريخ آل سلجوق ؛
_v4.
_9664
830 0 _aRecueil de textes relatifs à l'histoire des Seldjoucides ;
_v4.
_9665
942 _2ddc
_cBK
999 _c79156
_d79156